000 00785nam a22002537a 4500
003 UA-OsUOA
001 23327
007 ta
008 20040119b un ||||| |||| 00| 0 ukr d
100 _aГетьманцев В.Д.
090 _a512.64
_bГ44
942 _cBK
040 _aUA-OsUOA
_bukr
_cUA-OsUOA
_dUA-OsUOA
245 _aЛінійна алгебра і лінійне програмування
_bНавчальний посібник для студентів економічних спеціальностей вищих навчальних закладів
300 _a256 с.
955 _a0
041 _aukr
080 _a512.64
020 _a966-06-0030-5
260 _aКиїв
_bЛибідь
_c2001
044 _aUA
650 7 _2UDC
999 _c309572
_d309572